[Event "It"]
[Site "It \\ Monte Carlo"]
[Date "1993.??.??"]
[Round "3"]
[White "Polgar, Judit"]
[Black "Korchnoi, Viktor L"]
[Result "1-0"]
[WhiteElo "2595"]
[BlackElo "2605"]
[PlyCount "56"]
[EventDate "1993.??.??"]
[Source "www.chesslib.no"]
[SourceDate "2004.05.04"]

1. e4 e6 2. d4 d5 3. Nc3 Nf6 4. Bg5 Be7 5. e5 Ne4 6. Bxe7 Qxe7 7. Nxe4 dxe4 8. Qe2 Bd7 9. O-O-O Bc6 10. g3 Nd7 11. Bg2 f5 12. Nh3 O-O-O 13. Ng5 Bd5 14. c4 Bc6 15. Nxe4 Qb4 16. a3 Qb6 17. c5 Qa6 18. Qxa6 bxa6 19. Rhe1 h6 20. Rd2 Kb7 21. f4 Rhe8 22. Re3 Kc8 23. h3 Bd5 24. Nf6 Bxg2 25. Rxg2 Kb7 26. Kc2 Nb8 27. b4 Nc6 28. Re4 Re7 1-0

[Event "Manresa"]
[Site "Manresa"]
[Date "1995.??.??"]
[Round "2"]
[White "Magem Badals, Jordi"]
[Black "Mellado Trivino, Juan"]
[Result "1/2-1/2"]
[WhiteElo "2560"]
[BlackElo "2460"]
[PlyCount "46"]
[EventDate "1995.06.??"]
[Source "ChessBase"]

1. e4 e6 2. d4 d5 3. Nc3 Nf6 4. Bg5 Be7 5. e5 Ne4 6. Bxe7 Nxc3 7. Bxd8 Nxd1 8. Bxc7 Nxb2 9. Rb1 Nc4 10. Bxc4 dxc4 11. Nf3 Nc6 12. Bd6 b6 13. c3 Bb7 14. Nd2 Rc8 15. f3 f5 16. exf6 gxf6 17. Ba3 Nb8 18. Ne4 Bxe4 19. fxe4 Nd7 20. O-O Kf7 21. Bd6 Rhg8 22. e5 Rg5 23. a4 Rf5 1/2-1/2

[Event "Biel MTO"]
[Site "Biel"]
[Date "2001.08.02"]
[Round "10"]
[White "Efimenko, Zahar"]
[Black "Fish, Gannadij"]
[Result "1/2-1/2"]
[WhiteElo "2495"]
[BlackElo "2502"]
[PlyCount "52"]
[EventDate "2001.07.23"]
[Source "ChessBase"]
[SourceDate "2001.09.11"]

1. e4 e6 2. d4 d5 3. Nc3 Nf6 4. Bg5 Be7 5. e5 Ne4 6. Bxe7 Qxe7 7. Bd3 Nxc3 8. bxc3 c5 9. Nf3 Nc6 10. dxc5 Qxc5 11. Qd2 Bd7 12. O-O h6 13. Rab1 b6 14. Ba6 Rb8 15. c4 dxc4 16. Rfd1 Rd8 17. Qf4 O-O 18. Bxc4 Ne7 19. Qd4 Qxd4 20. Rxd4 Bc6 21. Rbd1 Rxd4 22. Nxd4 Rd8 23. c3 Bb7 24. Bb3 Ng6 25. Re1 Nf4 26. g3 Nd3 1/2-1/2

[Event "ch-UKR"]
[Site "Simferopol"]
[Date "2003.11.07"]
[Round "4"]
[White "Efimenko, Zahar"]
[Black "Derjabin, Ilja"]
[Result "1-0"]
[WhiteElo "2547"]
[BlackElo "2393"]
[PlyCount "85"]
[EventDate "2003.11.04"]
[Source "Roberto Alvarez"]
[SourceDate "2003.12.22"]

1. e4 e6 2. d4 d5 3. Nc3 Nf6 4. Bg5 Be7 5. e5 Ne4 6. Bxe7 Qxe7 7. Nxe4 dxe4 8. Qd2 c5 9. O-O-O Nc6 10. Qf4 Nxd4 11. c3 Nc6 12. Qxe4 Bd7 13. Nf3 O-O-O 14. Be2 Nb8 15. Qg4 f5 16. exf6 gxf6 17. Bc4 e5 18. Qh4 Nc6 19. Bd5 Rhe8 20. Rhe1 Be6 21. Bxc6 bxc6 22. Qa4 Rxd1+ 23. Rxd1 Qc7 24. Nd2 Rd8 25. Ne4 Rxd1+ 26. Qxd1 Qe7 27. Qd6 Qxd6 28. Nxd6+ Kd7 29. Ne4 Ke7 30. Nxc5 Bd5 31. f3 f5 32. b3 h5 33. c4 Bf7 34. Kd2 h4 35. Nd3 Kf6 36. f4 exf4 37. Nxf4 Ke5 38. Ke3 Kd6 39. Nd3 Ke6 40. Kf4 Kf6 41. Ne5 Be8 42. Nf3 h3 43. gxh3 1-0

[Event "Kotov Memorial"]
[Site "Odessa UKR"]
[Date "1989.??.??"]
[Round "?"]
[White "Savon, Vladimir A"]
[Black "Glek, Igor V"]
[Result "0-1"]
[WhiteElo "2425"]
[BlackElo "2475"]
[PlyCount "82"]
[EventDate "1989.10.??"]
[Source "www.chesslib.no"]
[SourceDate "2004.05.04"]

1. e4 e6 2. d4 d5 3. Nc3 Nf6 4. Bg5 Be7 5. e5 Ne4 6. Nxe4 Bxg5 7. Nxg5 Qxg5 8. Nf3 Qe7 9. c3 c5 10. Bd3 cxd4 11. Nxd4 Nc6 12. f4 O-O 13. O-O f6 14. Qc2 h6 15. Rae1 Bd7 16. Nf3 f5 17. Qf2 Be8 18. h3 Bh5 19. Nd4 Nxd4 20. Qxd4 a6 21. Re3 b5 22. Kh2 Kh8 23. Rg1 g5 24. Rf1 g4 25. Be2 Rg8 26. g3 Qf7 27. h4 Qb7 28. Rd1 Rgc8 29. Qb4 Be8 30. Rd4 Kg7 31. Qa5 Qa7 32. Kg1 Rab8 33. Kf2 Rc5 34. Rb4 Rc4 35. Bxc4 dxc4 36. a4 Qb7 37. axb5 axb5 38. Qa1 Rd8 39. Qe1 Qd5 40. b3 Bc6 41. Qf1 Ra8 0-1

[Event "Osen II"]
[Site "Alushta"]
[Date "2003.09.30"]
[Round "5"]
[White "Rogovski, Vladimir"]
[Black "Derjabin, Ilja"]
[Result "1/2-1/2"]
[WhiteElo "2474"]
[BlackElo "2401"]
[PlyCount "144"]
[EventDate "2003.09.27"]
[Source "Roberto Alvarez"]
[SourceDate "2003.10.06"]

1. e4 e6 2. d4 d5 3. Nc3 Nf6 4. Bg5 Be7 5. e5 Ne4 6. Bxe7 Qxe7 7. Nxe4 dxe4 8. Qe2 b6 9. g3 Ba6 10. Qe3 Qb4+ 11. Qc3 Qxc3+ 12. bxc3 O-O 13. Bxa6 Nxa6 14. Nh3 h6 15. O-O-O c5 16. a3 cxd4 17. cxd4 Nc7 18. Kb2 Rfc8 19. c4 b5 20. c5 b4 21. a4 Nd5 22. Kb3 g5 23. Rhe1 Nc3 24. Rd2 a5 25. Ng1 Rc7 26. Ne2 Nd5 27. Nc1 Rd8 28. Na2 f5 29. exf6 Nxf6 30. Kc4 Rd5 31. Nc1 Rcxc5+ 32. dxc5 Rxd2 33. Nb3 Rxf2 34. Nxa5 Rc2+ 35. Kxb4 Nd5+ 36. Kb5 e3 37. Nb3 Nc3+ 38. Kb4 Nd5+ 39. Ka3 e5 40. a5 e2 41. Ka4 Ne3 42. a6 Ng2 43. Nc1 Nxe1 44. a7 Rxc1 45. a8=Q+ Kg7 46. Qb7+ Kf8 47. Qb8+ Kf7 48. Qc7+ Kf6 49. Qd6+ Kf5 50. Qd2 Ra1+ 51. Kb4 e4 52. g4+ Kxg4 53. Qxe2+ Kf4 54. Qf2+ Nf3 55. Qg3+ Kf5 56. c6 Rc1 57. c7 g4 58. Qd6 e3 59. Qd5+ Kf4 60. Qf7+ Ke4 61. Qg6+ Kf4 62. Qxh6+ Ke4 63. Qh7+ Kf4 64. Kb5 Nd4+ 65. Kb6 Rc6+ 66. Kb7 e2 67. Qg7 Ke3 68. Qe5+ Kd3 69. Qg3+ Kd2 70. Qxg4 Rxc7+ 71. Kxc7 e1=Q 72. Qxd4+ Kc2 1/2-1/2

[Event "Erfurter Schachtage"]
[Site "Erfurt GER"]
[Date "1989.06.29"]
[Round "8"]
[White "Teske, Henrik"]
[Black "Glek, Igor V"]
[Result "1/2-1/2"]
[WhiteElo "2400"]
[BlackElo "2475"]
[PlyCount "88"]
[EventDate "1989.06.22"]
[Source "www.chesslib.no"]
[SourceDate "2004.05.04"]

1. e4 e6 2. d4 d5 3. Nc3 Nf6 4. Bg5 Be7 5. e5 Ne4 6. Nxe4 Bxg5 7. Nxg5 Qxg5 8. Nf3 Qe7 9. c3 c5 10. Bd3 cxd4 11. cxd4 Qb4+ 12. Qd2 Nc6 13. Rc1 Bd7 14. Qxb4 Nxb4 15. Bb1 f6 16. Kd2 Nc6 17. Rhe1 O-O 18. Rc3 h6 19. Re2 Be8 20. exf6 Rxf6 21. Rce3 Bh5 22. Rxe6 Bxf3 23. gxf3 Rxf3 24. Bg6 Raf8 25. Re8 Nxd4 26. Rxf8+ Rxf8 27. Re7 Nc6 28. Rxb7 Ne5 29. Bb1 Rxf2+ 30. Kc3 Rf4 31. a4 d4+ 32. Kd2 Rf2+ 33. Ke1 Rxh2 34. Be4 d3 35. Kd1 Rh4 36. Bd5+ Kf8 37. Rxa7 Rd4 38. Be6 d2 39. a5 Nd3 40. Rf7+ Ke8 41. Kxd2 Nc5+ 42. Ke3 Nxe6 43. Rxg7 Rh4 44. Rh7 Kd8 1/2-1/2

[Event "Moscow ol (Men)"]
[Site "Moscow"]
[Date "1994.??.??"]
[Round "9"]
[White "Isaev, Jamshed"]
[Black "Lima, Darcy"]
[Result "1-0"]
[WhiteElo "2380"]
[BlackElo "2475"]
[PlyCount "57"]
[EventDate "1994.11.??"]
[Source "ChessBase"]

1. e4 e6 2. d4 d5 3. Nc3 Nf6 4. Bg5 Be7 5. e5 Ne4 6. Bxe7 Qxe7 7. Nxe4 dxe4 8. Qe2 b6 9. O-O-O Bb7 10. g3 c5 11. Bg2 cxd4 12. Bxe4 Nc6 13. f4 O-O-O 14. Nf3 Rd7 15. Rd2 Rhd8 16. Rhd1 Qc5 17. Kb1 f5 18. exf6 gxf6 19. Qf2 h6 20. g4 Rd6 21. Qh4 f5 22. Bxc6 Bxc6 23. Ne5 fxg4 24. Nf7 Bf3 25. Re1 Qa5 26. Rd3 Rd5 27. Nxd8 Rh5 28. Qg3 Rxh2 29. Rc1 1-0

[Event "Troll Masters"]
[Site "Gausdal"]
[Date "1992.??.??"]
[Round "3"]
[White "Renet, Olivier"]
[Black "Webster, Andrew"]
[Result "1-0"]
[WhiteElo "2495"]
[BlackElo "2350"]
[PlyCount "121"]
[EventDate "1992.01.??"]
[Source "ChessBase"]

1. e4 e6 2. d4 d5 3. Nc3 Nf6 4. Bg5 Be7 5. e5 Ne4 6. Bxe7 Qxe7 7. Nxe4 dxe4 8. Qd2 b6 9. O-O-O Bb7 10. Qe3 Nd7 11. f3 c5 12. Bb5 O-O-O 13. Ne2 exf3 14. gxf3 a6 15. Bxd7+ Rxd7 16. Rhg1 g6 17. Rg4 Rhd8 18. Rd3 cxd4 19. Rgxd4 Rxd4 20. Nxd4 Kb8 21. a3 Rd5 22. Kb1 Qh4 23. c4 Rc5 24. Nb3 Rc6 25. c5 bxc5 26. Nxc5 Qc4 27. Rd8+ Kc7 28. Rd7+ Kc8 29. Rxb7 Rxc5 30. Rxf7 Qc2+ 31. Ka2 Qc4+ 32. Qb3 Qxb3+ 33. Kxb3 Rxe5 34. Rxh7 Re3+ 35. Kc4 Rxf3 36. Ra7 Rf2 37. b4 Rc2+ 38. Kd4 Rc6 39. h4 Kb8 40. Rg7 Ka8 41. a4 Kb8 42. Re7 Kc8 43. b5 axb5 44. axb5 e5+ 45. Rxe5 Rf6 46. Kd5 Kd7 47. Kc5 Kd8 48. Re4 Kc7 49. Re7+ Kd8 50. Ra7 Kc8 51. Ra6 Rf5+ 52. Kb6 Rf6+ 53. Ka5 Rf4 54. Rxg6 Rxh4 55. Kb6 Rb4 56. Rg8+ Kd7 57. Rb8 Rb1 58. Ka7 Kc7 59. b6+ Kc6 60. Rc8+ Kd7 61. Rc4 1-0

[Event "Norway"]
[Site "Norway"]
[Date "1973.??.??"]
[Round "?"]
[White "Bednarski, Jacek B"]
[Black "Westerinen, Heikki M J"]
[Result "1-0"]
[WhiteElo "2400"]
[BlackElo "2435"]
[PlyCount "43"]
[EventDate "1973.??.??"]
[Source "www.chesslib.no"]
[SourceDate "2004.05.04"]

1. e4 e6 2. d4 d5 3. Nc3 Nf6 4. Bg5 Be7 5. e5 Ne4 6. Nxe4 Bxg5 7. Nxg5 Qxg5 8. c3 O-O 9. g3 c5 10. f4 Qe7 11. Nf3 b6 12. Bd3 cxd4 13. Bxh7+ Kxh7 14. Ng5+ Kg6 15. Qd3+ f5 16. g4 Rh8 17. Rg1 Nc6 18. O-O-O Bd7 19. gxf5+ exf5 20. Qg3 Be8 21. Ne6+ Kh7 22. Nxg7 1-0

[Event "Guillermo Garcia Torre"]
[Site "Santa Clara"]
[Date "2002.05.19"]
[Round "1"]
[White "Perez, Rodney"]
[Black "Marzolo, Cyril"]
[Result "1/2-1/2"]
[WhiteElo "2425"]
[BlackElo "2405"]
[PlyCount "51"]
[EventDate "2002.05.04"]
[Source "ChessBase"]
[SourceDate "2002.07.08"]

1. e4 e6 2. d4 d5 3. Nc3 Nf6 4. Bg5 Be7 5. e5 Ne4 6. Bxe7 Qxe7 7. Nxe4 dxe4 8. Qd2 c5 9. O-O-O Bd7 10. Ne2 Bc6 11. Nc3 Nd7 12. Bb5 Bxb5 13. Nxb5 O-O 14. Nc3 f5 15. exf6 Nxf6 16. Qe2 cxd4 17. Rxd4 Qc5 18. Rd2 Qg5 19. g3 Rad8 20. Rhd1 Rxd2 21. Rxd2 Qf5 22. a3 a6 23. Kb1 Rc8 24. Rd4 Qe5 25. Qd2 h6 26. h3 1/2-1/2

[Event "Summer I"]
[Site "Alushta"]
[Date "2004.05.14"]
[Round "3"]
[White "Kalygin, Sergey V"]
[Black "Derjabin, Ilja"]
[Result "1/2-1/2"]
[WhiteElo "2436"]
[BlackElo "2391"]
[PlyCount "54"]
[EventDate "2004.05.13"]
[Source "Roberto Alvarez"]
[SourceDate "2004.05.31"]

1. e4 e6 2. d4 d5 3. Nc3 Nf6 4. Bg5 Be7 5. e5 Ne4 6. Bxe7 Qxe7 7. Nxe4 dxe4 8. c3 c5 9. Bb5+ Bd7 10. Bxd7+ Qxd7 11. dxc5 Qxd1+ 12. Rxd1 Nd7 13. f3 O-O-O 14. Ke2 Nxe5 15. Nh3 exf3+ 16. gxf3 h6 17. Nf2 f5 18. h4 Nf7 19. h5 e5 20. Ke3 Ng5 21. f4 exf4+ 22. Kxf4 Ne6+ 23. Kxf5 Rhf8+ 24. Kxe6 Rde8+ 25. Kd5 Rxf2 26. b4 Rxa2 27. Rde1 Rd8+ 1/2-1/2

[Event "Werfen Open"]
[Site "Werfen"]
[Date "1990.??.??"]
[Round "8"]
[White "Janovsky, Sergey"]
[Black "Arkhipov, Sergey"]
[Result "1/2-1/2"]
[WhiteElo "2385"]
[BlackElo "2440"]
[PlyCount "102"]
[EventDate "1990.09.??"]
[Source "www.chesslib.no"]
[SourceDate "2004.05.04"]

1. e4 e6 2. d4 d5 3. Nc3 Nf6 4. Bg5 Be7 5. e5 Ne4 6. Bxe7 Nxc3 7. Bxd8 Nxd1 8. Bxc7 Nxb2 9. Rc1 Nc4 10. Bxc4 dxc4 11. Ne2 b6 12. Kd2 Bb7 13. f3 Nc6 14. Bd6 Ne7 15. Bxe7 Kxe7 16. Kc3 Bc6 17. Rhd1 Rhd8 18. Ng3 Rd5 19. a3 Ra5 20. Ra1 Rd8 21. Ne4 f6 22. exf6+ gxf6 23. Re1 Rad5 24. Ng3 Kf7 25. Re4 Ra5 26. Rh4 Kg6 27. Rg4+ Kf7 28. Rh4 Kg6 29. Ne2 Rd6 30. Nf4+ Kg7 31. Rg4+ Kf7 32. Rh4 Kg7 33. Re1 Bd7 34. Nh5+ Kg8 35. Nf4 Kg7 36. Kb2 Rb5+ 37. Kc1 Rg5 38. Nh5+ Kg6 39. Nf4+ Kg7 40. Re2 h6 41. Nh5+ Kg6 42. Ng3 Bc6 43. Re3 b5 44. f4 Rgd5 45. Ne4 Rd8 46. Rg4+ Kf5 47. Nc5 Be8 48. Rg8 h5 49. h3 Bf7 50. Rg7 Rf8 51. c3 a5 1/2-1/2

[Event "Terres Catalanes 15th"]
[Site "Ampuriabrava"]
[Date "1997.09.19"]
[Round "3"]
[White "Vehi Bach, Victor Manuel"]
[Black "Mellado Trivino, Juan"]
[Result "1/2-1/2"]
[WhiteElo "2395"]
[BlackElo "2430"]
[PlyCount "42"]
[EventDate "1997.09.17"]
[Source "ChessBase"]
[SourceDate "1998.01.31"]

1. e4 e6 2. d4 d5 3. Nc3 Nf6 4. Bg5 Be7 5. e5 Ne4 6. Nxe4 Bxg5 7. Nxg5 Qxg5 8. Nf3 Qe7 9. c3 c5 10. dxc5 Qxc5 11. Bd3 Bd7 12. Qe2 Nc6 13. O-O O-O 14. Qc2 h6 15. Rfe1 Rac8 16. Qd2 f5 17. exf6 Rxf6 18. Ne5 Nxe5 19. Rxe5 Rcf8 20. Rf1 Bb5 21. Qe3 Qxe3 1/2-1/2

[Event "Ostende op"]
[Site "Ostende"]
[Date "1991.??.??"]
[Round "3"]
[White "Tischbierek, Raj"]
[Black "Webster, Andrew"]
[Result "1-0"]
[WhiteElo "2480"]
[BlackElo "2340"]
[PlyCount "51"]
[EventDate "1991.09.??"]
[Source "ChessBase"]

1. e4 e6 2. d4 d5 3. Nc3 Nf6 4. Bg5 Be7 5. e5 Ne4 6. Nxe4 dxe4 7. Bxe7 Qxe7 8. c3 O-O 9. Qc2 f5 10. exf6 Qxf6 11. Bc4 Kh8 12. O-O-O e5 13. Qxe4 Qg5+ 14. Qe3 Qxg2 15. Ne2 Qxf2 16. Qxf2 Rxf2 17. Rdf1 Rxf1+ 18. Rxf1 Nd7 19. dxe5 h6 20. e6 Nf6 21. Rd1 b5 22. Rd8+ Kh7 23. Bxb5 Bb7 24. e7 c6 25. Bd3+ g6 26. Nf4 1-0

[Event "Bern op"]
[Site "Bern"]
[Date "1992.??.??"]
[Round "2"]
[White "Gallagher, Joseph G"]
[Black "Timmer, Robert"]
[Result "1-0"]
[WhiteElo "2510"]
[BlackElo "2305"]
[PlyCount "151"]
[EventDate "1992.02.??"]
[Source "ChessBase"]

1. e4 e6 2. d4 d5 3. Nc3 Nf6 4. Bg5 Be7 5. e5 Ne4 6. Bxe7 Nxc3 7. Bxd8 Nxd1 8. Bxc7 Nxb2 9. Rb1 Nc4 10. Bxc4 dxc4 11. Nf3 Nc6 12. Bd6 b6 13. c3 f5 14. exf6 gxf6 15. Nd2 Ba6 16. O-O Rd8 17. Bf4 Kf7 18. Rfe1 Ne7 19. Ne4 Nf5 20. f3 Bb7 21. Kf2 h5 22. Rb5 Bd5 23. Rb4 h4 24. a4 Ne7 25. Rb2 Nc6 26. Nd6+ Kg6 27. Nb5 Kf7 28. Rbe2 Ne7 29. Nc7 Ng6 30. Bc1 Rc8 31. Nxe6 Rhe8 32. Nf4 Nxf4 33. Bxf4 Bc6 34. Rxe8 Rxe8 35. Ra1 Rd8 36. a5 b5 37. Rb1 a6 38. Bc7 Re8 39. Bb6 Bd5 40. Bc5 Kg6 41. Rg1 Kf7 42. Ba3 Bc6 43. Rd1 Bd5 44. Rd2 Kg6 45. h3 Kf5 46. Re2 Rxe2+ 47. Kxe2 Bf7 48. Ke3 Bd5 49. Bb4 Kg5 50. Bd6 Kf5 51. Kd2 Bf7 52. Bh2 Ke6 53. Bg1 Bg6 54. Bf2 Bd3 55. g3 hxg3 56. Bxg3 Bg6 57. Be1 Bf7 58. Ke3 Kf5 59. h4 Ke6 60. Kf4 Bg6 61. Kg4 Kd5 62. h5 Bh7 63. h6 Ke6 64. Kf4 Kd5 65. Ke3 Ke6 66. Kd2 Kf5 67. Kc1 Ke6 68. Kb2 Kd5 69. Bh4 Ke6 70. Ka3 f5 71. Bg5 Kd5 72. Kb2 f4 73. Bxf4 b4 74. cxb4 Kxd4 75. b5 c3+ 76. Kb3 1-0

[Event "64th NY Masters"]
[Site "New York"]
[Date "2003.07.15"]
[Round "3"]
[White "Vovsha, Eli"]
[Black "Bonin, Jay R"]
[Result "1/2-1/2"]
[WhiteElo "2432"]
[BlackElo "2368"]
[PlyCount "67"]
[EventDate "2003.07.15"]
[Source "Roberto Alvarez"]
[SourceDate "2003.07.21"]

1. e4 e6 2. d4 d5 3. Nc3 Nf6 4. Bg5 Be7 5. e5 Ne4 6. Nxe4 Bxg5 7. Nxg5 Qxg5 8. c3 b6 9. h4 Qe7 10. h5 h6 11. Qg4 Qg5 12. Qxg5 hxg5 13. g4 f6 14. Nh3 Bd7 15. f4 Nc6 16. exf6 gxf6 17. fxg5 fxg5 18. Nxg5 Ke7 19. Bb5 Rag8 20. Nf3 Rxg4 21. Bxc6 Bxc6 22. Ne5 Re4+ 23. Kd2 Be8 24. h6 c5 25. Rae1 cxd4 26. Rxe4 dxc3+ 27. Kxc3 dxe4 28. Kd4 Kf6 29. Kxe4 Kg5 30. h7 Bh5 31. Rg1+ Kh6 32. Ng4+ Kg5 33. Ne5+ Kh6 34. Ng4+ 1/2-1/2

[Event "Estrada Memorial 1st"]
[Site "Argentina"]
[Date "1991.??.??"]
[Round "?"]
[White "Roselli Mailhe, Bernardo"]
[Black "Soppe, Guillermo G"]
[Result "1/2-1/2"]
[WhiteElo "2375"]
[BlackElo "2420"]
[PlyCount "40"]
[EventDate "1991.??.??"]
[Source "www.chesslib.no"]
[SourceDate "2004.05.04"]

1. e4 e6 2. d4 d5 3. Nc3 Nf6 4. Bg5 Be7 5. e5 Ne4 6. Bxe7 Qxe7 7. Nxe4 dxe4 8. c3 O-O 9. Qe2 f5 10. exf6 Qxf6 11. f3 e5 12. Qxe4 exd4 13. Bd3 Bf5 14. Qxf5 Qxf5 15. Bxf5 Rxf5 16. cxd4 Nc6 17. Ne2 Rd8 18. O-O-O Rfd5 19. Nc3 Rxd4 20. Nb5 R4d7 1/2-1/2

[Event "Prague op"]
[Site "Prague"]
[Date "1985.??.??"]
[Round "?"]
[White "Lanc, Alois"]
[Black "Glek, Igor V"]
[Result "1-0"]
[WhiteElo "2360"]
[BlackElo "2430"]
[PlyCount "107"]
[EventDate "1985.??.??"]
[Source "ChessBase"]

1. e4 e6 2. d4 d5 3. Nc3 Nf6 4. Bg5 Be7 5. e5 Ne4 6. Bxe7 Qxe7 7. Nxe4 dxe4 8. c3 O-O 9. Qc2 f5 10. exf6 Qxf6 11. f3 Nc6 12. Qxe4 e5 13. d5 Bf5 14. Qe3 Ne7 15. O-O-O Bg6 16. Nh3 Rfd8 17. Bc4 b5 18. Bb3 Qf5 19. Qe4 Qxe4 20. fxe4 Rd6 21. Rhe1 Rf8 22. Rd3 h6 23. Kd2 Kh7 24. Ke3 Rdf6 25. c4 bxc4 26. Bxc4 Nc8 27. Rc3 Ne7 28. Bd3 c6 29. dxc6 Nxc6 30. Rec1 Nd4 31. Rc8 Rf3+ 32. Kd2 Rf2+ 33. Nxf2 Rxf2+ 34. Kc3 Rxg2 35. Rc5 Rxh2 36. Rxe5 Nf3 37. Re7 Rh3 38. Kb4 h5 39. Rcc7 h4 40. Rxg7+ Kh6 41. Rxg6+ Kxg6 42. e5+ Kg5 43. e6 Nd4 44. e7 Re3 45. Rc4 Nf5 46. Rc5 Rxe7 47. Bxf5 Kf4 48. Bc8 Rh7 49. Rc3 Re7 50. Ka5 Re2 51. Rb3 Rc2 52. Bh3 Rc7 53. Ka6 Re7 54. a4 1-0

[Event "ROM-chT"]
[Site "Tusnad"]
[Date "1997.??.??"]
[Round "?"]
[White "Iordachescu, Viorel"]
[Black "Popescu, Cristian"]
[Result "1-0"]
[WhiteElo "2485"]
[BlackElo "2300"]
[PlyCount "45"]
[EventDate "1997.??.??"]
[Source "www.chesslib.no"]
[SourceDate "2004.05.04"]

1. e4 e6 2. d4 d5 3. Nc3 Nf6 4. Bg5 Be7 5. e5 Ne4 6. Nxe4 dxe4 7. Be3 c5 8. dxc5 Nd7 9. Qg4 Qa5+ 10. c3 Bxc5 11. Qxg7 Rf8 12. Bxc5 Qxc5 13. O-O-O Qxe5 14. Qh6 Nf6 15. Rd8+ Kxd8 16. Qxf8+ Kc7 17. Nh3 e3 18. Bc4 b5 19. Qxf7+ Bd7 20. f4 Qe4 21. Qxf6 bxc4 22. Ng5 e2 23. Nxe4 1-0

[Event "TORNEO A"]
[Site "?"]
[Date "2003.??.??"]
[Round "1.1"]
[White "Hernandez Guerrero Gilberto"]
[Black "Olaizola Ortega Luis"]
[Result "1-0"]
[WhiteElo "2544"]
[BlackElo "2233"]
[PlyCount "67"]
[EventDate "2003.??.??"]
[Source "www.chesslib.no"]
[SourceDate "2004.05.04"]

1. e4 e6 2. d4 d5 3. Nc3 Nf6 4. Bg5 Be7 5. e5 Ne4 6. Bxe7 Nxc3 7. Bxd8 Nxd1 8. Bxc7 Nxb2 9. Nf3 Nc6 10. Kd2 Na4 11. Bb5 Nb6 12. a4 Kd7 13. Bd6 a6 14. Bd3 Na5 15. Bb4 Nbc4+ 16. Kc3 f6 17. Rhb1 Ke8 18. Bc5 Kf7 19. g4 Rb8 20. exf6 gxf6 21. g5 e5 22. gxf6 e4 23. Bxc4 Nxc4 24. Ne5+ Nxe5 25. dxe5 Bd7 26. Kd4 Bc6 27. Ra3 h5 28. Rab3 h4 29. Bd6 Rbg8 30. Rxb7+ Bxb7 31. Rxb7+ Ke6 32. Re7+ Kf5 33. f7 Rf8 34. Kxd5 1-0

[Event "Open"]
[Site "?"]
[Date "2002.04.15"]
[Round "6"]
[White "Varavin Viktor"]
[Black "Derjabin Ilja"]
[Result "0-1"]
[WhiteElo "2484"]
[BlackElo "2292"]
[PlyCount "61"]
[EventDate "2002.??.??"]
[Source "www.chesslib.no"]
[SourceDate "2004.05.04"]

1. e4 e6 2. d4 d5 3. Nc3 Nf6 4. Bg5 Be7 5. e5 Ne4 6. Bxe7 Qxe7 7. Nge2 c5 8. Nxe4 dxe4 9. Nc3 e3 10. fxe3 Nc6 11. Qg4 cxd4 12. exd4 f5 13. exf6 Qxf6 14. O-O-O e5 15. Qg3 O-O 16. Bc4+ Kh8 17. Rhf1 Bf5 18. dxe5 Nxe5 19. Bb3 Rac8 20. h3 Nc4 21. Bxc4 Rxc4 22. Qe3 h5 23. Rf2 Qg6 24. Rdf1 b6 25. Nd5 Re8 26. Ne7 Rxe7 27. Qxe7 Bxc2 28. Rf4 Be4+ 29. Kd2 Qxg2+ 30. R1f2 Rc2+ 31. Ke1 0-1

[Event "Manresa Open"]
[Site "Manresa"]
[Date "1995.??.??"]
[Round "7"]
[White "Rahal, Michael"]
[Black "Mellado Trivino, Juan"]
[Result "1/2-1/2"]
[WhiteElo "2330"]
[BlackElo "2445"]
[PlyCount "36"]
[EventDate "1995.??.??"]
[Source "www.chesslib.no"]
[SourceDate "2004.05.04"]

1. e4 e6 2. d4 d5 3. Nc3 Nf6 4. Bg5 Be7 5. e5 Ne4 6. Nxe4 Bxg5 7. Nxg5 Qxg5 8. g3 c5 9. f4 Qe7 10. Nf3 Nc6 11. Qd2 Bd7 12. O-O-O O-O 13. h4 Rfc8 14. Kb1 a6 15. h5 Nxd4 16. Nxd4 cxd4 17. Qxd4 Bb5 18. Bd3 Qc5 1/2-1/2

[Event "Biel Open"]
[Site "Biel SUI"]
[Date "1993.??.??"]
[Round "4"]
[White "Tischbierek, Raj"]
[Black "Timmer, Robert"]
[Result "1-0"]
[WhiteElo "2480"]
[BlackElo "2290"]
[PlyCount "43"]
[EventDate "1993.07.??"]
[Source "www.chesslib.no"]
[SourceDate "2004.05.04"]

1. e4 e6 2. d4 d5 3. Nc3 Nf6 4. Bg5 Be7 5. e5 Ne4 6. Nxe4 Bxg5 7. Nxg5 Qxg5 8. Nf3 Qe7 9. c3 c5 10. dxc5 Qxc5 11. Bd3 Nc6 12. O-O O-O 13. Re1 Qe7 14. Qc2 h6 15. Qd2 Rb8 16. Bc2 b5 17. Qd3 g6 18. b4 Rd8 19. Qe3 d4 20. Qxh6 Qf8 21. Qxf8+ Kxf8 22. Be4 1-0

[Event "CRO-Cup"]
[Site "Pula CRO"]
[Date "1995.??.??"]
[Round "5"]
[White "Fercec, Nenad"]
[Black "Samovojska, Damir"]
[Result "1-0"]
[WhiteElo "2410"]
[BlackElo "2360"]
[PlyCount "65"]
[EventDate "1995.??.??"]
[Source "www.chesslib.no"]
[SourceDate "2004.05.04"]

1. e4 e6 2. d4 d5 3. Nc3 Nf6 4. Bg5 Be7 5. e5 Ne4 6. Bxe7 Nxc3 7. Qg4 Kxe7 8. bxc3 Kf8 9. h4 c5 10. Rh3 Nc6 11. Rg3 g6 12. Rf3 cxd4 13. cxd4 f5 14. Qf4 h6 15. Nh3 Bd7 16. c3 Rc8 17. Rb1 Rc7 18. Rg3 Be8 19. Qe3 Bf7 20. Nf4 Rg8 21. Nxg6+ Rxg6 22. Rxg6 Bxg6 23. Qxh6+ Rg7 24. Rxb7 Bf7 25. Be2 Ne7 26. Kf1 f4 27. Bg4 Qa5 28. Rb8+ Be8 29. Bxe6 Qa6+ 30. Kg1 Ng6 31. Bd7 f3 32. Rxe8+ Kf7 33. e6+ 1-0

[Event "Belgrade-A"]
[Site "Belgrade SCG"]
[Date "1991.??.??"]
[Round "2"]
[White "Golubev, Mihail"]
[Black "Vasiljevic, Dragan"]
[Result "1-0"]
[WhiteElo "2420"]
[BlackElo "2345"]
[PlyCount "77"]
[EventDate "1991.10.??"]
[Source "www.chesslib.no"]
[SourceDate "2004.05.04"]

1. e4 e6 2. d4 d5 3. Nc3 Nf6 4. Bg5 Be7 5. e5 Ne4 6. Bxe7 Nxc3 7. Bxd8 Nxd1 8. Rxd1 Kxd8 9. f4 Ke7 10. Nf3 b6 11. c3 Ba6 12. h3 Bxf1 13. Rxf1 Nd7 14. Rd2 c5 15. Rdf2 Rac8 16. Kd2 cxd4 17. cxd4 Rc4 18. g4 Rhc8 19. Kd3 Rc1 20. f5 Rxf1 21. Rxf1 b5 22. h4 h6 23. h5 Nf8 24. f6+ gxf6 25. exf6+ Ke8 26. g5 Nh7 27. gxh6 Nxf6 28. Ne5 Ke7 29. h7 Rh8 30. Nc6+ Kd6 31. Rxf6 Kxc6 32. Rxf7 a5 33. Ke3 Kd6 34. Kf4 a4 35. Kg5 e5 36. Kf6 exd4 37. Kg7 Rxh7+ 38. Kxh7 d3 39. Rf3 1-0

[Event "Campionato USA"]
[Site "Stillwater USA"]
[Date "2007.05.20"]
[Round "6"]
[White "Pruess, D."]
[Black "Bonin, J."]
[Result "1/2-1/2"]
[WhiteElo "2408"]
[BlackElo "2352"]
[PlyCount "97"]
[EventDate "2007.05.15"]
[Source "www.chesslib.no"]
[SourceDate "2004.05.04"]

1. e4 e6 2. d4 d5 3. Nc3 Nf6 4. Bg5 Be7 5. e5 Ne4 6. Bxe7 Nxc3 7. Bxd8 Nxd1 8. Bxc7 Nxb2 9. Rb1 Nc4 10. Bxc4 dxc4 11. Nf3 Nc6 12. Bd6 b6 13. Kd2 Bb7 14. Kc3 Rc8 15. Rhe1 Ne7 16. Bxe7 Kxe7 17. Nd2 Bxg2 18. Rg1 Bd5 19. Rxg7 Rhg8 20. Rbg1 Rxg7 21. Rxg7 b5 22. Rg3 a5 23. Kb2 c3+ 24. Rxc3 Rxc3 25. Kxc3 Bxa2 26. Ne4 Kf8 27. Nd6 b4+ 28. Kb2 Bd5 29. c3 bxc3+ 30. Kxc3 Kg7 31. Ne8+ Kg6 32. Nf6 h6 33. h4 Kf5 34. Ng8 h5 35. Nf6 Bf3 36. Kb3 Bd1+ 37. Kc4 Kf4 38. Kb5 a4 39. Kb4 Kf3 40. Nxh5 Ke4 41. Nf6+ Kxd4 42. f4 Ke3 43. h5 Kxf4 44. h6 Bc2 45. h7 Bxh7 46. Nxh7 Kxe5 47. Kxa4 Kf4 48. Kb3 f5 49. Nf8 1/2-1/2